Statistiken für Flaggen von Asien Quiz

Klicken Sie hier um das Quiz zu spielen!

Allgemein

  • Dieses Quiz wurde 656 mal gespielt
  • Das Durchschnittsergebnis liegt bei 42 aus 49

Antwortstatistiken

Antwort% Korrekt
Japan
100%
Südkorea
99%
China
98%
Russland
98%
Georgia
97%
Türkei
97%
Zypern
97%
Israel
96%
Indien
95%
Nepal
95%
Saudi-Arabien
95%
Libanon
94%
Vietnam
93%
Bangladesch
92%
Bhutan
92%
Pakistan
92%
Indonesien
90%
Irak
90%
Nordkorea
90%
Iran
89%
Syrien
88%
Kasachstan
87%
Thailand
87%
Singapur
86%
Katar
85%
Malaysia
85%
Sri Lanka
84%
Aserbaidschan
81%
Kambodscha
81%
Armenien
80%
Jemen
80%
Philippinen
80%
Turkmenistan
80%
Usbekistan
80%
Myanmar
79%
Afghanistan
78%
Laos
78%
Taiwan
78%
Mongolei
77%
Vereinigte Arabische Emirate
77%
Kirgisistan
76%
Bahrain
75%
Brunei
75%
Jordanien
73%
Kuwait
72%
Malediven
72%
Oman
70%
Tadschikistan
69%
Osttimor
66%

Verteilung der Resultate

Perzentil nach korrekt beantworteten Fragen

Anzahl Personen mit jedem Resultat

Ihre Resultats-Entwicklung

Sie haben dieses Quiz noch nicht gespielt